000 00330 a2200145 4500
001 191370
020 _a
040 _cMagnum
100 _aSantoro, Ângela
240 1 0 _aOlho de peixe: a família mixirica
_lpor
245 1 0 _aOlho de peixe: a família mixirica
300 _a22
697 _aLITERATURA INFANTO
942 _cBK
999 _c191370
_d191370